<?xml version="1.0" encoding="UTF-8"?>
<record
    xmlns:xsi="http://www.w3.org/2001/XMLSchema-instance"
    xsi:schemaLocation="http://www.loc.gov/MARC21/slim http://www.loc.gov/standards/marcxml/schema/MARC21slim.xsd"
    xmlns="http://www.loc.gov/MARC21/slim">

  <leader>03802 ab a2200745   4500</leader>
  <controlfield tag="003">AR-RoUNA</controlfield>
  <controlfield tag="008">140529|||||||||||||||||     |||| 0|||| d</controlfield>
  <datafield tag="040" ind1=" " ind2=" ">
    <subfield code="a">AR-RoUNA</subfield>
    <subfield code="b">spa</subfield>
  </datafield>
  <datafield tag="041" ind1=" " ind2=" ">
    <subfield code="a">spa</subfield>
  </datafield>
  <datafield tag="110" ind1="2" ind2=" ">
    <subfield code="a">Colegio de Arquitectos de la provincia de Santa Fe. Distrito 2</subfield>
    <subfield code="9">2611</subfield>
  </datafield>
  <datafield tag="245" ind1=" " ind2=" ">
    <subfield code="a">O41. CABALLERO</subfield>
    <subfield code="n"> N&#xBA; 12</subfield>
  </datafield>
  <datafield tag="260" ind1=" " ind2=" ">
    <subfield code="b">Colegio de Arquitectos de La Provincia de Santa Fe,</subfield>
    <subfield code="c">1999</subfield>
    <subfield code="a">:</subfield>
  </datafield>
  <datafield tag="300" ind1=" " ind2=" ">
    <subfield code="a">120 p. :</subfield>
    <subfield code="b">il.</subfield>
    <subfield code="b">plantas</subfield>
    <subfield code="b">planos</subfield>
    <subfield code="c">30x21 cm</subfield>
  </datafield>
  <datafield tag="505" ind1="0" ind2=" ">
    <subfield code="t">SUMARIO</subfield>
  </datafield>
  <datafield tag="505" ind1="0" ind2=" ">
    <subfield code="t">Nicol&#xE1;s Campodonico / Editorial. p. 3</subfield>
  </datafield>
  <datafield tag="505" ind1="0" ind2=" ">
    <subfield code="t">Fabi&#xE1;n Llonch / Gerardo buscador del alma. p. 5</subfield>
  </datafield>
  <datafield tag="505" ind1="0" ind2=" ">
    <subfield code="t">Marco Rampulla / La Pirca. p. 7</subfield>
  </datafield>
  <datafield tag="505" ind1="0" ind2=" ">
    <subfield code="t">Ariel Gim&#xE9;nez Rita / Gerardo Caballero y su arquitectura. Recuerdos y Refelexiones. p. 9</subfield>
  </datafield>
  <datafield tag="505" ind1="0" ind2=" ">
    <subfield code="t">13 OBRAS DESARROLLADAS</subfield>
  </datafield>
  <datafield tag="505" ind1="0" ind2=" ">
    <subfield code="a">1- Quincho Puricelli, Funes, Provincia de Santa Fe, 1991. p. 10</subfield>
  </datafield>
  <datafield tag="505" ind1="0" ind2=" ">
    <subfield code="a">2- Plaza Santa Cruz, Rosario, Santa Fe, 1989. p. 16</subfield>
  </datafield>
  <datafield tag="505" ind1="0" ind2=" ">
    <subfield code="a">3- Vivienda en Pasaje Marcos Paz, Santa Fe, 1993. p. 20</subfield>
  </datafield>
  <datafield tag="505" ind1="0" ind2=" ">
    <subfield code="a">4- Biblioteca y Videoteca Parque de Espa&#xF1;a, Rosario, Santa Fe, 1995. p. 24</subfield>
  </datafield>
  <datafield tag="505" ind1="0" ind2=" ">
    <subfield code="a">5- Edificio Brown, Rosario, Santa Fe, 2005. p. 30</subfield>
  </datafield>
  <datafield tag="505" ind1="0" ind2=" ">
    <subfield code="a">6- Concesionaria Agr&#xED;cola, Santa Fe, 2007. p. 40</subfield>
  </datafield>
  <datafield tag="505" ind1="0" ind2=" ">
    <subfield code="a">7- Showroom de bicicletas, Rosario, Santa Fe, 2010. p. 48</subfield>
  </datafield>
  <datafield tag="505" ind1="0" ind2=" ">
    <subfield code="a">8- Escuela de Ingenier&#xED;a civi&#xF1;, Rosario, Santa Fe, 1999. p. 54</subfield>
  </datafield>
  <datafield tag="505" ind1="0" ind2=" ">
    <subfield code="a">9- Refuncionalizaci&#xF3;n Ex Mercado Municipal, Rafaela, Santa Fe, 2014. p. 64</subfield>
  </datafield>
  <datafield tag="505" ind1="0" ind2=" ">
    <subfield code="a">10- Estudio Frittegotto, Casilda, Santa Fe, 2014. p. 72</subfield>
  </datafield>
  <datafield tag="505" ind1="0" ind2=" ">
    <subfield code="t">Carla Berrini / Dibujar, Construir y Pensar. p. 100</subfield>
  </datafield>
  <datafield tag="505" ind1="0" ind2=" ">
    <subfield code="t">UQBAR / Narraciones de ciudad. p. 104</subfield>
  </datafield>
  <datafield tag="505" ind1="0" ind2=" ">
    <subfield code="t">Javier Mendiondo / Otro viaje al rev&#xE9;s. p. 107</subfield>
  </datafield>
  <datafield tag="505" ind1="0" ind2=" ">
    <subfield code="t">Enric Massip-Bosch / Gerardo Caballero: arquitectura en unas tres palabras. p. 110</subfield>
  </datafield>
  <datafield tag="505" ind1="0" ind2=" ">
    <subfield code="t">Sumario 20 obras y proyectos. p. 116</subfield>
  </datafield>
  <datafield tag="505" ind1="0" ind2=" ">
    <subfield code="a">Casa Barbero, Totoras, Santa Fe, 1983. p. 118</subfield>
  </datafield>
  <datafield tag="505" ind1="0" ind2=" ">
    <subfield code="a">Escuela Primaria y Jard&#xED;n de Infantes, Paran&#xE1;, Entre R&#xED;os, 1988. p. 118</subfield>
  </datafield>
  <datafield tag="505" ind1="0" ind2=" ">
    <subfield code="a">Biblioteca Matesson, Illinois, USA, 1989. p.119</subfield>
  </datafield>
  <datafield tag="505" ind1="0" ind2=" ">
    <subfield code="a">Renovaci&#xF3;n Locales Kaplan, Rosario, Santa Fe, 1991. p. 119</subfield>
  </datafield>
  <datafield tag="505" ind1="0" ind2=" ">
    <subfield code="a">Museo Constantini (MALBA), Buenos Aires, 1997. p. 120</subfield>
  </datafield>
  <datafield tag="505" ind1="0" ind2=" ">
    <subfield code="a">Costa Alta y Paseo del Caminante, Rio Paran&#xE1;, Rosario, 1997. p. 120</subfield>
  </datafield>
  <datafield tag="505" ind1="0" ind2=" ">
    <subfield code="a">Vinculaci&#xF3;n Peatonal del &#xC1;rea Cultural Recoleta, Buenos Aires, 1999. p. 121</subfield>
  </datafield>
  <datafield tag="505" ind1="0" ind2=" ">
    <subfield code="a">Remodelaci&#xF3;n Edificio EPE, Rosario, Santa Fe, 1999. p. 121</subfield>
  </datafield>
  <datafield tag="505" ind1="0" ind2=" ">
    <subfield code="a">Casa Frittegotto, Arequito, Santa Fe, 2003. p. 122</subfield>
  </datafield>
  <datafield tag="505" ind1="0" ind2=" ">
    <subfield code="a">Reforma Esquina Imsand, Totoras, Santa Fe, 2003. p. 122</subfield>
  </datafield>
  <datafield tag="505" ind1="0" ind2=" ">
    <subfield code="a">Casa en Puerto Rold&#xE1;n, Santa Fe, 2006. p. 123</subfield>
  </datafield>
  <datafield tag="505" ind1="0" ind2=" ">
    <subfield code="a">Desarrollo Urbano en Puerto Norte, Rosario, Santa Fe, 2008. p. 123</subfield>
  </datafield>
  <datafield tag="505" ind1="0" ind2=" ">
    <subfield code="a">Edificio G&#xFC;emes, Rosario, Santa Fe, 2009. p. 124</subfield>
  </datafield>
  <datafield tag="505" ind1="0" ind2=" ">
    <subfield code="a">Escuela Especial 2121, Arequito, Santa Fe, 2011. p. 124</subfield>
  </datafield>
  <datafield tag="505" ind1="0" ind2=" ">
    <subfield code="a">Casa Miraflores, Funes, Santa Fe, 2011. p. 125</subfield>
  </datafield>
  <datafield tag="505" ind1="0" ind2=" ">
    <subfield code="a">F&#xE1;brica Premecol, San Lorenzo, Santa Fe, 2012. p. 125</subfield>
  </datafield>
  <datafield tag="505" ind1="0" ind2=" ">
    <subfield code="a">Casa Procrear, Rold&#xE1;n, Santa Fe, 2014. p. 126</subfield>
  </datafield>
  <datafield tag="505" ind1="0" ind2=" ">
    <subfield code="a">Edificio Universidad Di Tella, Buenos Aires, 2016. p. 126</subfield>
  </datafield>
  <datafield tag="505" ind1="0" ind2=" ">
    <subfield code="a">San Nicol&#xE1;s de Cara al R&#xED;o, Buenos Aires, 2018. p. 127</subfield>
  </datafield>
  <datafield tag="505" ind1="0" ind2=" ">
    <subfield code="a">Pabell&#xF3;n Argentino - La Casa infinita, La Biennale di Venezia, Italia, 2019. p. 127</subfield>
  </datafield>
  <datafield tag="600" ind1=" " ind2="0">
    <subfield code="9">1857</subfield>
    <subfield code="a">Caballero, Gerardo.</subfield>
  </datafield>
  <datafield tag="600" ind1=" " ind2="0">
    <subfield code="9">21051</subfield>
    <subfield code="a">Berrini, Maria Carla.</subfield>
  </datafield>
  <datafield tag="651" ind1=" " ind2="0">
    <subfield code="a">Rosario (Santa Fe, Argentina)</subfield>
    <subfield code="9">1246</subfield>
  </datafield>
  <datafield tag="773" ind1="0" ind2=" ">
    <subfield code="a">[041] Revista de arquitectura y urbanismo</subfield>
    <subfield code="d">Rosario (Santa Fe)</subfield>
    <subfield code="g">n&#xBA; 12 (2020)</subfield>
  </datafield>
  <datafield tag="856" ind1=" " ind2=" ">
    <subfield code="u">https://issuu.com/af-estudio/docs/041_2</subfield>
  </datafield>
  <datafield tag="908" ind1=" " ind2=" ">
    <subfield code="a">Imp</subfield>
  </datafield>
  <datafield tag="930" ind1=" " ind2=" ">
    <subfield code="c">2</subfield>
    <subfield code="e">6473</subfield>
  </datafield>
  <datafield tag="942" ind1=" " ind2=" ">
    <subfield code="2">udc</subfield>
    <subfield code="c">ART</subfield>
  </datafield>
  <datafield tag="945" ind1=" " ind2=" ">
    <subfield code="a">MBP</subfield>
    <subfield code="d">2022-11-03</subfield>
  </datafield>
  <datafield tag="980" ind1=" " ind2=" ">
    <subfield code="6">138</subfield>
    <subfield code="a">Carolina Rainero</subfield>
    <subfield code="8"></subfield>
    <subfield code="g">CRON CRON</subfield>
  </datafield>
  <datafield tag="999" ind1=" " ind2=" ">
    <subfield code="c">12379</subfield>
    <subfield code="d">12379</subfield>
  </datafield>
  <datafield tag="952" ind1=" " ind2=" ">
    <subfield code="0">0</subfield>
    <subfield code="1">0</subfield>
    <subfield code="2">udc</subfield>
    <subfield code="4">0</subfield>
    <subfield code="7">0</subfield>
    <subfield code="a">AR-RoUNA</subfield>
    <subfield code="b">AR-RoUNA</subfield>
    <subfield code="c">Heme</subfield>
    <subfield code="d">2026-04-07</subfield>
    <subfield code="e">Don</subfield>
    <subfield code="l">0</subfield>
    <subfield code="p">1002927</subfield>
    <subfield code="r">2026-04-07</subfield>
    <subfield code="t">ej. 1</subfield>
    <subfield code="w">2026-04-07</subfield>
    <subfield code="y">ART</subfield>
    <subfield code="k">K74</subfield>
    <subfield code="x"></subfield>
  </datafield>
</record>
